00225nam a2200097Ia 4500008004100000041000800041082001300049100001500062245002600077260002400103231212s1967 xx 000 0 und d aeng a621.3841 aGupta M.L. aElectronics and Radio aDelhibKhannac1967